Neonatología práctica (Registro nro. 13031)

Detalles MARC
000 -CABECERA
Longitud fija campo de control 00814nam a2200217 a 4500
003 - • IDENTIFICADOR DELl NÚMERO DE CONTROL
Identificador del número de control CO-ViMGA
005 - • FECHA Y HORA DE LA ÚLTIMA TRANSACCIÓN
Fecha y hora de la última transacción 20250801162556.0
008 - • CÓDIGOS DE INFORMACIÓN DE LONGITUD FIJA
Códigos de información de longitud fija 141112s2004 ck r 000 u spa d
040 ## - FUENTE DE LA CATALOGACIÓN
Centro catalogador de origen CO-ViMGA
Lengua de catalogación spa
Centro transcriptor CO-ViMGA
082 04 - • NÚMERO DE LA CLASIFICACIÓN DECIMAL DEWEY
Número de clasificación (R) 618.9201 C374
100 1# - • PUNTO DE ACCESO PRINCIPAL-NOMBRE DE PERSONA
Nombre de persona Ceriani Cernados, Jose María
245 10 - • TITULO PROPIAMENTE DICHO
Título Neonatología práctica
250 ## - • MENCIÓN DE EDICIÓN
Mención de edición 2a
300 ## - • DESCRIPCIÓN FÍSICA
Extensión 503 p : il
505 ## - • NOTA DE CONTENIDO CON FORMATO
Nota de contenido con formato Evaluación del crecimiento fetal al nacer 48 - - El recien nacido prematuro 141 - - Displasia broncopulmonar 222 - - Alteraciones del metabolismo : glucosa, calcio y magnesio 312 - - Dolor en el feto y en el recien nacido 363 - - Errores congenitos en el metabolismo 462
650 14 - • PUNTO DE ACCESO ADICIONAL DE MATERIA - TÉRMINO DE MATERIA
Término de materia o nombre geográfico como elemento inicial NEONATOLOGIA
942 ## - ENTRADA DE ELEMENTOS AGREGADOS (KOHA)
Fuente de clasificaión o esquema Dewey Decimal Classification
Koha [por defecto] tipo de item LIbro
Existencias
Perdido Fuente de clasificación o esquema Estado Físico No para préstamo Forma de adquisición Localización permanente Localización actual Fecha adquisición Serie de enumeración / cronolog&íacute;a Préstamos totales Signatura completa Código de barras Fecha última consulta Número de copia Fecha del precio de reemplazo Tipo de item de Koha
  Dewey Decimal Classification     Sala Especializada Tercer Piso Biblioteca Pública Germán Arciniegas - Villavicencio Biblioteca Pública Germán Arciniegas - Villavicencio 12/04/2015 Volumen. 1 | 11/jun/2009   618.9201 C374 00280 03/08/2019 Ej. 1 12/04/2015 LIbro









Instituto Departamental de Cultura del Meta - Red Departamental de Bibliotecas Públicas del Meta.